Il sordomuto e la sua educazione. Vol. II : didattica. Seconda edizione interamente rifatta

Saved in:
Bibliographic Details
Main Author: Ferreri, Giulio
Format: Book
Language:Italian
Published: Torino Ditta G. B. Paravia e C. 1912
Textbook Catalogue:EDISCO:  Library Catalog Search Result
Textbook Classification:
Tags: Add Tag
No Tags, Be the first to tag this record!
Added to:2016-04-30
Changed in:2017-10-04

MARC

LEADER 00000aam a22000007 4500
001 12619
003 OSt
005 20171004085344.0
008 160501s1912 it 000 0 ita
040 |c Elena Facco - Padova - CUBI 
041 1 |a ita 
100 1 |a Ferreri, Giulio 
245 0 0 |a Il sordomuto e la sua educazione. Vol. II : didattica. Seconda edizione interamente rifatta 
260 |a Torino  |b Ditta G. B. Paravia e C.  |c 1912 
300 |a XV, 394 p., 2 ;   |c in 16° 
510 3 |a L. 3 
901 |a 7 
942 |2 ddc  |c BK 
546 |a ita 
999 |c 12608  |d 12608 
999 |c edisco:12608  |d 12608